000 nam a22 a 4500
999 _c1218
_d1218
003 AKMAL
005 20170508155904.0
008 170508s2007 my e 000 0 may d
020 _a9789833604296 (kkt.) :
_cRM16.00
020 _a9833604293 (kkt.) :
_cRM16.00
039 9 _a201006231600
_bnaima
_c201006231520
_dshuhada
_c201006101212
_dmanorrazila
_c200904161125
_dkik3856
040 _aAKMAL
_cAKMAL
049 _aklpmal
082 0 4 _a297.5 HAR
_222
090 0 0 _a297.5
_bHAR
090 2 0 _a297.5
_bHAR
100 0 _aHaron Din,
_cDato', Dr.,
_d1940-
_91838
245 1 0 _aIslam :
_bagama bisnes dan pengurusan /
_cHaron Din
260 _aKuala Lumpur :
_bPTS Millennia,
_c2007
300 _a118ms. ;
_c23cm.
650 1 0 _aIslam
_xEconomic aspects
_934
650 2 0 _aBusiness
_xReligious aspects
_xIslam
_92143
650 2 0 _aManagement
_xReligious aspects
_xIslam
_91905
856 4 _uhttp://www.bookcafe.com.my/index.php?target=products&product_id=593
_yKulit Depan & Ringkasan
942 _2ddc
_cBOOK